Kicks : the great American story of sneakers /

Bibliographic Details
Main Author: Smith, Nicholas K. (Author)
Corporate Author: EBSCOhost
Format: eBook
Language:English
Published: New York : Crown Publishing, [2018]
Edition:First edition.
Subjects:
Online Access:Connect to the full text of this electronic book

MARC

Tag First Indicator Second Indicator Subfields
LEADER 00000cam a22000001i 4500
001 in00004036612
005 20190416173914.0
006 m |o d |
007 cr |n|||||||||
008 180504s2018 nyuaf ob 001 0 eng d
020 |a 9780451498137 (electronic bk.) 
020 |a 0451498135 (electronic bk.) 
020 |z 9780451498113 
020 |z 0451498119 
020 |z 9780451498120 
020 |z 0451498127 
024 8 |a 40028148443 
035 |a (NhCcYBP)EBSCO1571478 
040 |a NhCcYBP  |c NhCcYBP  |d UtOrBLW 
043 |a n-us--- 
050 4 |a GV749.S64  |b S58 2018 
082 0 4 |a 685/.31  |2 23 
100 1 |a Smith, Nicholas K.,  |e author. 
245 1 0 |a Kicks :  |b the great American story of sneakers /  |c by Nicholas Smith. 
250 |a First edition. 
264 1 |a New York :  |b Crown Publishing,  |c [2018] 
264 4 |c ©2018 
300 |a 1 online resource. 
336 |a text  |b txt  |2 rdacontent 
337 |a computer  |b c  |2 rdamedia 
338 |a online resource  |b cr  |2 rdacarrier 
504 |a Includes bibliographical references and index. 
588 |a Description based on print version record. 
500 |a Electronic resource. 
650 0 |a Sneakers  |z United States. 
650 0 |a Sneakers  |x Social aspects  |z United States. 
655 7 |a Electronic books.  |2 local 
710 2 |a EBSCOhost. 
776 1 8 |c Original  |z 9780451498113  |z 0451498119  |z 9780451498120  |z 0451498127  |w (DLC) 2017040841 
856 4 0 |u http://proxy.library.tamu.edu/login?url=http://search.ebscohost.com/login.aspx?direct=true&scope=site&db=nlebk&db=nlabk&AN=1571478  |z Connect to the full text of this electronic book  |t 0 
955 |a YBP purchased approval e-records 
980 |b 65.00  |g 1 
987 |a ybp15277544 
999 f f |s d0e57fb2-8f58-3848-8fd2-92e6283a2e18  |i cb423071-eb0c-3410-a48b-5a70365eec79  |t 0 
952 f f |a Texas A&M University  |b College Station  |c Electronic Resources  |d Available Online  |t 0  |e GV749.S64 S58 2018  |h Library of Congress classification 
998 f f |a GV749.S64 S58 2018  |t 0  |l Available Online